| 000 | 01064nam a2200265Ia 4500 | ||
|---|---|---|---|
| 003 | OSt | ||
| 005 | 20220923211544.0 | ||
| 006 | a|||||r|||| 00| 0 | ||
| 007 | ta | ||
| 008 | 220922b |||||||| |||| 00| 0 hin d | ||
| 020 |
_a9789383838806 (hbk) _c295 |
||
| 024 | _a281,704 | ||
| 037 |
_b184, 24/10/2014, Vidyanidhi Prakashan _cTextual |
||
| 040 |
_aARTS _cARTS _bhin |
||
| 041 |
_2hin _ahin |
||
| 082 | _aO15,1A1:g, 152Q4 | ||
| 100 |
_aमल्हान, सुनीता देवी; सुधीर कुमार, संपा. _9160774 |
||
| 245 | 0 | _aश्रीरामः एक विवेचन | |
| 246 | _aShrīrāhin ek vivechana | ||
| 260 |
_aदिल्ली _b शिवालिक प्रकाशन _c2014 |
||
| 300 |
_a102पृ. _ccm. |
||
| 650 | _aसंस्कृत साहित्य | ||
| 942 |
_hO15,1A1:g, 152Q4 _cTEXL _2CC |
||
| 999 |
_c300745 _d300745 |
||